Taylor Swift - Devine la chanson sans indices #34 - Statistiques

Statistiques générales
  • Ce quiz a été pris 356 fois
  • Le résultat moyen est 216 sur 310
Statistiques - réponses
Réponse % Correct
I
99%
a
98%
you
98%
you,
98%
You
98%
(you
98%
the
94%
me?
90%
me
90%
me,
90%
We
89%
we
89%
are
87%
be
87%
it
87%
your
87%
my
85%
to
85%
and
84%
And
84%
when
83%
(when
83%
go
82%
in
81%
on
81%
hear
79%
I'm
79%
can
78%
have
77%
so
77%
that
76%
wear
76%
what
75%
you're
75%
not
74%
of
74%
But
73%
but
73%
at
72%
did
72%
for
72%
with
72%
want
71%
want,
71%
was
71%
why
70%
All
69%
just
69%
this
69%
can't
68%
If
67%
if
67%
know
67%
never
67%
tears
67%
ricochet
66%
Look
65%
loved
65%
too
65%
'Cause
64%
had
64%
home
64%
how
63%
As
62%
didn't
62%
would
61%
anywhere
60%
Anywhere
60%
name,
60%
night
60%
still
59%
gave
58%
day,
57%
day
57%
dead
57%
same
57%
talk
57%
myself
56%
up
56%
Cursing
55%
cursing
55%
grace
55%
Some
55%
some
55%
wishing
55%
worst
55%
made
54%
miss
54%
stayed
54%
wake?
54%
I'd
53%
tell
53%
you'll
53%
make
52%
babe
51%
here,
51%
sleep
51%
will
51%
blood
50%
deserve,
50%
fire,
50%
hell
50%
hero
50%
kill
50%
mean
50%
screaming
50%
swear
50%
heart,
49%
dying
48%
sky)
48%
bones
47%
Even
47%
face
47%
ashes
46%
ring
46%
'Til
46%
brave
45%
jewels
45%
stolen
45%
killed
44%
lullabies)
44%
used
44%
around,
43%
bury
43%
diamond
43%
fight,
43%
haunt
43%
saving
43%
fears
42%
out
42%
they'll
41%
throw,
41%
flying
40%
into
40%
knowing
40%
scene
40%
ghostly
38%
line
38%
room,
38%
gather
37%
stones,
35%
turned
34%
good
33%
beneath
32%
waves
31%
battleships
30%
drunk
30%
sink
30%
aim
28%
pain
26%
blame,
24%
years
24%
tossing
23%
sunlit
22%
Weepin'
14%
Crossing
13%
Aucun quiz correspondant
Distribution des résultats
% des personnes avec chaque résultat
Percentile par nombre de réponses
Votre historique - résultats
Vous n’avez pas pris ce quiz